000 00278nam a22001097a 4500
008 260422b |||||||| |||| 00| 0 eng d
100 _aBhatt, Mahabaleshwar
245 _aAdhikarana Sangrah
260 _aDelhi
_bNew Bharatiya Book Corporation
_c2020
300 _a60p
942 _2ddc
999 _c1269
_d1269